Central Library OPAC University of Rajshahi

The life and work of Sigmund Freud / (Record no. 1290)

MARC details
000 -LEADER
fixed length control field 00899nam a2200265 a 4500
001 - CONTROL NUMBER
control field 1290
003 - CONTROL NUMBER IDENTIFIER
rucl marc code BD-RjUL
005 - DATE AND TIME OF LATEST TRANSACTION
control field 20211208233317.0
008 - FIXED-LENGTH DATA ELEMENTS--GENERAL INFORMATION
fixed length control field 131125r19571953nyua b 001 0beng d
035 ## - SYSTEM CONTROL NUMBER
System control number (BD-RjUL)1312
040 ## - CATALOGING SOURCE
Original cataloging agency DLC
Transcribing agency DLC
Modifying agency BD-RjUL
Language of cataloging eng
041 ## - LANGUAGE CODE
Language code of text/sound track or separate title eng
082 00 - DEWEY DECIMAL CLASSIFICATION NUMBER
Classification number 150.1952092
Edition number 23
Author mark and year JOL 1957
100 1# - MAIN ENTRY--PERSONAL NAME
Personal name Jones, Ernest
9 (RLIN) 3810
245 14 - TITLE STATEMENT
Title The life and work of Sigmund Freud /
Statement of responsibility, etc. Ernest Jones.
250 ## - EDITION STATEMENT
Edition statement 1st ed.
260 ## - PUBLICATION, DISTRIBUTION, ETC. (IMPRINT)
Place of publication, distribution, etc. New York :
Name of publisher, distributor, etc. Basic Books,
Date of publication, distribution, etc. c1953 [printing 1957].
300 ## - PHYSICAL DESCRIPTION
Pagination V. :
Illustrations ill. ;
Size 24 cm.
504 ## - BIBLIOGRAPHY, ETC. NOTE
Bibliography, etc Includes bibliography and indexes
505 0# - FORMATTED CONTENTS NOTE
Formatted contents note v. 1.-- The formative years and the great discoveries, 1856-1900.--v. 2.-- Years of maturity, 1901-1919.--v. 3.-- The last phase, 1919-1939.
600 10 - SUBJECT ADDED ENTRY--PERSONAL NAME
Personal name Freud, Sigmund
Dates associated with a name 1856-1939.
650 #0 - SUBJECT ADDED ENTRY--TOPICAL TERM
Topical term or geographic name as entry element Psychoanalysis.
9 (RLIN) 3688
Topical term or geographic name as entry element Physicians
Form subdivision Biography.
9 (RLIN) 3812
942 ## - ADDED ENTRY ELEMENTS (KOHA)
Source of classification or shelving scheme Dewey Decimal Classification
Koha item type Books
Holdings
Lost status Source of classification or shelving scheme Damaged status Not for loan Collection code Permanent Location Current Location Shelving location Date acquired Source of acquisition Cost, normal purchase price Total Checkouts Full call number Date last seen Copy number Koha item type
  Dewey Decimal Classification   Not For Loan Non-fiction Central Library, University of Rajshahi Central Library, University of Rajshahi Reading Room 05/05/1958 Zeithenger 34.20   150.1952092 JOL V-2 1957 25/11/2013 C-1 Books
  Dewey Decimal Classification     Non-fiction Central Library, University of Rajshahi Central Library, University of Rajshahi   05/05/1958 Mohammad Bros 34.20   150.1952092 JOL V-1 1957 25/11/2013 C-2 Books
  Dewey Decimal Classification   Not For Loan Non-fiction Central Library, University of Rajshahi Central Library, University of Rajshahi Reading Room 08/12/2021 MehmudBrothers 34.20   150.1952092 JOL V-3 1957 29/03/2017 C-1 Books